000 00695cam a2200205 a 4500
001 000002765
005 20200929150243.0
008 961003s1994 ck 001 p spa
020 _a9586121844
040 _aDO-SdBNP
_cDLC
_dDLC
082 _aC861.44
_bV715c
100 1 _aVillamizar B., María Ofelia,
_d1921-1991
_qMaría Ofelia Villamzar Buitrago
_98714
245 1 0 _aCantaros de greda /
_cMaría Ofelia Villamizar B.
260 _aBogotá :
_bInstituto Colombiano de Cultura,
_c1994.
300 _a115 p. ;
_c19 cm.
440 0 _aNorte de Santander
_pColcultura
_98715
650 4 _aPoesía colombiana
_93742
650 4 _aLiteratura colombiana
_91244
910 _aCatalogación por copia / LC
999 _c2599
_d2599